Open Data Biblioteca Nacional de Portugal


República Portuguesa: Ministério da Cultura
Biblioteca Nacional de Portugal

Catálogo da BNP: acesso por Identificadores Unívocos
Registos Bibliográficos associados ao registo de autoridade

Etiqueta de registo: 00643cam 02200193 04500
001 761241
003 http://id.bnportugal.gov.pt/bib/catbnp/761241
100 ## $a19940131d1901 k y0pory01030103ba
101 0# $afre
102 ## $aFR
105 ## $aa z 000yy
106 ## $ar
200 1# $aAngo et ses pilotes$ed'aprés des documents inédits tirés des archives de France, de Portugal et d'Espagne$fEugéne Guénin
210 #9 $aParis$cImp. Nationale,$d1901
215 ## $aIX, 292 p.$cil.$d27 cm
700 #1 $aGuénin,$bEugène,$f1865-1931$3143924
702 #1 $aFaria,$bAntónio de Portugal de,$cVisconde de,$f1868-1937$4390$326030
801 #0 $aPT$bBN$gRPC
856 40 $2Cópia digital disponível em Internet Archive$uhttps://archive.org/details/angoetsespilotes00gu/mode/2up
966 ## $lBN$mFGMON$nPert. : Marquês de Faria$sH.G. 13219 V.
997 ## $aBIBEOD

OpendataBNP@bnportugal.pt | Mais informação sobre acesso aos dados BNP